Catalog

Record Details

Catalog Search



Available copies

  • 2 of 2 copies available at LARL/NWRL Consortium.
  • 2 of 2 copies available at Lake Agassiz Regional Library. (Show preferred library)

Current holds

0 current holds with 2 total copies.

Show All Copies
Location Call Number / Copy Notes Barcode Shelving Location Status Due Date
Crookston Public Library LARGE PRINT KAN (Text) 33500013562640 Main Available -
Moorhead Public Library LARGE PRINT KAN (Text) 33500013562657 Main Available -

Record details

  • ISBN: 9781432877385
  • ISBN: 1432877380
  • Physical Description: 435 pages : 21 cm.
  • Edition: Large print edition.
  • Publisher: Waterville, Maine : Wheeler Publishing, a part of Gale, a Cengage Company, 2021.

Content descriptions

Summary, etc.:
"Alice Sanborn, seventeen years old in October ... Read More
Subject: Abolitionists > Fiction.
Deaf women > Fiction.
Suffragists > Fiction.
Temperance > Fiction.
Large type books.
Large type books.
Genre: Historical fiction
Historical fiction.
LDR 02411cam a22004578i 4500
001387143
003LARL_NWRL_CONSORTIUM
00520220314203113.0
008210714t20212021meu d 000 1 eng
010 . ‡a 2021034611
040 . ‡aDLC ‡beng ‡erda ‡cDLC ‡dOCLCO ‡dOCLCF ‡dIUK ‡dOCLCO ‡dKSL
020 . ‡a9781432877385 ‡q(trade paperback)
020 . ‡a1432877380
035 . ‡a(OCoLC)1260691475
042 . ‡apcc
08200. ‡a813/.6 ‡223
1001 . ‡aKanell, Beth, ‡eauthor.
24510. ‡aThis ardent flame / ‡cBeth Kanell.
250 . ‡aLarge print edition.
264 1. ‡aWaterville, Maine : ‡bWheeler Publishing, a part of Gale, a Cengage Company, ‡c2021.
264 4. ‡c©2021
300 . ‡a435 pages : ‡c21 cm.
336 . ‡atext ‡btxt ‡2rdacontent
337 . ‡aunmediated ‡bn ‡2rdamedia
338 . ‡avolume ‡bnc ‡2rdacarrier
340 . ‡nlarge print ‡2rdafs
4900 . ‡aWinds of freedom ; ‡v2
520 . ‡a"Alice Sanborn, seventeen years old in October 1852, expects Abolitionist political operative Solomon McBride to court her. Surely he visits for more than her insight and family connections in the Vermont farming village of North Upton! When Almyra Alexander, niece of the local minister, arrives in North Upton, she brings Boston sophistication and advanced political ideas. Temperance! Voting rights for women! Alice wants it all and Almyra's friendship, too-but is this newcomer a rival for Solomon's affections? Friendship with Caroline Clark looks safer: Newly returned to the village, Caroline is deaf and fluent in American Sign Language, which Alice quickly learns. Her friends and her demand for Abolition propel Alice into action. Assist neighbors at risk? Rescue a horse? Capture an arsonist? She's on it. Betrayal and danger lie ahead. Yet the three young women race into the righteous battle. For Alice and her friends, there's no other choice"-"-- ‡cProvided by publisher.
650 0. ‡aAbolitionists ‡vFiction. ‡0(LARL_NWRL_CONSORTIUM)168990
650 0. ‡aDeaf women ‡vFiction. ‡0(LARL_NWRL_CONSORTIUM)171818
650 0. ‡aSuffragists ‡vFiction. ‡0(LARL_NWRL_CONSORTIUM)175334
650 0. ‡aTemperance ‡vFiction. ‡0(LARL_NWRL_CONSORTIUM)167685
650 0. ‡aLarge type books. ‡0(LARL_NWRL_CONSORTIUM)24284
650 7. ‡aLarge type books. ‡2fast ‡0(LARL_NWRL_CONSORTIUM)24284
655 7. ‡aHistorical fiction ‡2gsafd
655 7. ‡aHistorical fiction. ‡2lcgft
901 . ‡a387143 ‡b ‡c387143 ‡tbiblio

Additional Resources